000 00440nam a2200193Ia 4500
005 20240823043726.0
008 240823s9999||||xx |||||||||||||| ||und||
041 _aENGLISH
082 _A005.74 P2
100 _a"Rob,peter"
245 0 _aDatabase Systems
250 _a5th
260 _c2002
_bThomson
500 _aTRANSFERED
650 _aData
_bComputer Science
700 _a" Coronel,Carlos"
942 _cBK
999 _c210892
_d210892